000 00701nam a22001337a 4500
040 _cRUA
082 _aAGR NOB 2021 B1-570 Or.
100 _aNOB RISA,ណុប រីសា
245 _aCOMPARITION OF ORGANIC AND INORGANIC MULCHING ON GROWTH AND YIELD OF BOK CHOY(Brassica rapa var chinensis),ការប្រៀបធៀបគម្របសរីរាង្គ និងអសរីរាង្គទៅលើការលូតលាស់ និងទិន្នផលលើដំណាំស្ពៃតឿ
260 _aphnom penh
_brua
_c2021
300 _ax.34p.
_bill.
_c29cm.
856 _uhttps://drive.google.com/file/d/1FnpSLfZNgx5V7scdOjOGAE9I-MmYP1mQ/view?usp=sharing
942 _cAGR
999 _c22776
_d22776